LEADER 01361nam a2200301 i 4500 001 000000154770 003 CaOOAMICUS 005 20090417000000.0 008 090417s1988 it u000 u ita u 013 $a132119 020 $a88-420-3267-0 040 $aSeMil$bita 100 1 $aAmadasi Guzzo, Maria Giulia,$d<1940- >.$0(OLS)http://semarc/name/60547 245 10$aSacrificio e società nel mondo antico /$cM. G. Amadasi Guzzo ... [et al.] ; a cura di C. Grottanelli e N. F. Parise. 260 $aBari :$bLaterza,$c1988. 300 $aIX, 307 p. ;$c22 cm. 490 0 $aCollezione storica 650 4$aSacrifici - Storia - Antichità.$0(OLS)http://semarc/subject/30321 650 4$aSacrifici - Aspetti socio-culturali - Antichità.$0(OLS)http://semarc/subject/30322 700 1 $aParise Nicola,$d<1939- >.$0(OLS)http://semarc/name/60548 700 1 $aGrottanelli, Cristiano <1946-2010>.$0(OLS)http://semarc/name/34613 830 0$aCollezione storica.$0(OLS)http://semarc/title/6929 850 $aSeMil 852 $aSeMil$W1$xVenegono$y1$m2R II 99$j106626$B106626$CSeMilBibl$Z2$F141280 $81 961 $aRecupero: Altro 996 $6020$a88-420-3267-0$9(OLS)http://semarc/number/144738 996 $6245$aSacrificio e società nel mondo antico$9(OLS)http://semarc/title/226571 996 $6260$aBari :$bLaterza$9(OLS)http://semarc/publisher/29858 LEADER 00873nam a2200229 i 4500 001 000000201679 003 CaOOAMICUS 005 20110504000000.0 008 110504s1970 it u000 u ita u 013 $a180385 040 $aSeMil$bita 100 1 $aBarzel, Rainer.$0(OLS)http://semarc/name/72874 245 10$a[Germania :$bUCD/UCS] /$c[Rainer Barzel]. 260 $a[S.l. :$bs.n.],$c1970. 300 $a1 v. (varie sequenze) ;$c30 cm. 500 $aFascicolo dattiloscritto. 650 4$aGermania - Politica - Riunificazione tedesca.$0(OLS)http://semarc/subject/37870 850 $aSeMil 852 $aSeMil$W1$xVenegono$y1$m5D X 16/6$j152205$B152205$CSeMilBibl$Z2$F163350 $81 961 $aOmaggio: Altro 996 $6245$a[Germania :$bUCD/UCS]$9(OLS)http://semarc/title/291881 996 $6260$a[S.l. :$bs.n.]$9(OLS)http://semarc/publisher/29751